[Event "Kottayam op"]
[Site "Kottayam"]
[Date "2025.05.05"]
[Round "8"]
[White "Swayham, P Das"]
[Black "Ahaz, EU."]
[Result "0-1"]
[WhiteElo "1966"]
[BlackElo "2191"]
[PlyCount "64"]
[EventDate "2025.04.30"]
[EventType "swiss"]
[EventRounds "10"]
[EventCountry "IND"]
[SourceTitle "CB19_2025"]
[SourceDate "2025.05.07"]
[SourceVersion "1"]
[SourceVersionDate "2025.05.07"]
[SourceQuality "1"]

1. e4 c6 2. d4 d5 3. exd5 cxd5 4. Bd3 Nc6 5. c3 Qc7 6. Ne2 Bg4 7. 0-0 e6 8. Qe1 Be7 9. f4 Nf6 10. Nd2 Bf5 11. Rf3 0-0 12. h3 Bd6 13. Qh4 Ne7 14. Bxf5 exf5 15. Nf1 Ng6 16. Qe1 Rfe8 17. Be3 Re6 18. g3 Rae8 19. Qd2 h5 20. Qc2 h4 21. Qxf5 hxg3 22. Rxg3 Ne4 23. Rg2 Nh4 24. Qh5 Nxg2 25. Kxg2 Nd2 26. Bxd2 Rxe2+ 27. Kf3 Qc4 28. Qf5 Rxd2 29. Nxd2 Qe2+ 30. Kg3 Re3+ 31. Kh4 Qf2+ 32. Kg5 Be7+ 0-1

[Event "IND-ch Blitz"]
[Site "Mahilong"]
[Date "2025.03.23"]
[Round "2"]
[White "Aronyak, Ghosh"]
[Black "Swayham, P Das"]
[Result "1-0"]
[WhiteElo "2450"]
[BlackElo "1862"]
[PlyCount "38"]
[EventDate "2025.03.23"]
[EventType "swiss (blitz)"]
[EventRounds "11"]
[EventCountry "IND"]
[SourceTitle "CB13_2025"]
[SourceDate "2025.03.26"]
[SourceVersion "1"]
[SourceVersionDate "2025.03.26"]
[SourceQuality "1"]

1. Nf3 d5 2. g3 c5 3. c4 d4 4. b4 cxb4 5. a3 bxa3 6. Bg2 Nc6 7. Bxa3 Nf6 8. d3 g6 9. 0-0 Bg7 10. Nbd2 0-0 11. Qa4 Re8 12. Rfb1 Qc7 13. Ng5 Bd7 14. Qb3 Rab8 15. c5 Nd8 16. Qc4 Ne6 17. Ndf3 h6 18. Nxe6 Bxe6 19. Qxd4 Nd5 1-0

[Event "IND-ch Rapid"]
[Site "Mahilong"]
[Date "2025.03.21"]
[Round "5"]
[White "Swayham, P Das"]
[Black "Aaditya, Dhingra"]
[Result "0-1"]
[WhiteElo "1979"]
[BlackElo "2217"]
[PlyCount "86"]
[EventDate "2025.03.20"]
[EventType "tourn (rapid)"]
[EventRounds "11"]
[EventCountry "IND"]
[SourceTitle "CB13_2025"]
[SourceDate "2025.03.26"]
[SourceVersion "1"]
[SourceVersionDate "2025.03.26"]
[SourceQuality "1"]

1. e4 c5 2. Nf3 d6 3. d4 cxd4 4. Nxd4 Nf6 5. Nc3 Nc6 6. Be2 e5 7. Nb3 Be7 8. 0-0 0-0 9. Kh1 Be6 10. f4 exf4 11. Bxf4 a6 12. a4 Rc8 13. Qe1 Ne5 14. Rd1 Qb6 15. a5 Qc7 16. Nd4 Rfe8 17. Na4 Ng6 18. Bc1 Bf8 19. Nb6 Rb8 20. Bf3 Bc4 21. Nxc4 Qxc4 22. Bg5 Nd7 23. Qg3 Nde5 24. c3 Qc7 25. Nf5 Qxa5 26. Nxd6 Bxd6 27. Rxd6 Qb5 28. Rb1 Nxf3 29. gxf3 f6 30. Rd5 Qb6 31. Bf4 Rbc8 32. Rd3 Qb5 33. Rdd1 Rcd8 34. b4 Rxd1+ 35. Rxd1 Qe2 36. Re1 Qd3 37. Rc1 f5 38. exf5 Qxf5 39. Bg5 h6 40. Bd2 Re2 41. Be1 Ne5 42. Bf2 Nxf3 43. Bd4 Rxh2+ 0-1

[Event "Hyderabad Varas op"]
[Site "Hyderabad"]
[Date "2024.10.18"]
[Round "6"]
[White "Jyotshnav, Talukdar"]
[Black "Swayham, P Das"]
[Result "1-0"]
[WhiteElo "1894"]
[BlackElo "1996"]
[PlyCount "59"]
[EventDate "2024.10.15"]
[EventType "swiss"]
[EventRounds "9"]
[EventCountry "IND"]
[SourceTitle "CB43_2024"]
[Source "Chessbase"]
[SourceDate "2024.10.23"]
[SourceVersion "1"]
[SourceVersionDate "2024.10.23"]
[SourceQuality "1"]

1. d4 d5 2. Nf3 Nf6 3. c4 c6 4. g3 Bf5 5. Nc3 e6 6. Qb3 Qb6 7. c5 Qxb3 8. axb3 Be7 9. Bf4 0-0 10. Bg2 Nh5 11. e3 Nxf4 12. gxf4 Nd7 13. b4 b6 14. b5 bxc5 15. bxc6 Nb6 16. dxc5 Bxc5 17. Bf1 Rfc8 18. Ba6 Rxc6 19. Bb7 Rc7 20. Bxa8 Nxa8 21. Ke2 Rb7 22. Na4 Bf8 23. Nd4 Bg4+ 24. f3 Bh5 25. Rhc1 Nc7 26. b3 f6 27. Nc5 Bxc5 28. Rxc5 Kf7 29. Nc6 Ke8 30. Na5 1-0

[Event "Meghalaya op 1st"]
[Site "Shillong"]
[Date "2023.12.14"]
[Round "3"]
[White "Nguyen, Duc Hoa"]
[Black "Swayham, P Das"]
[Result "1-0"]
[WhiteElo "2335"]
[BlackElo "1820"]
[PlyCount "89"]
[EventDate "2023.12.13"]
[EventType "swiss"]
[EventRounds "10"]
[EventCountry "IND"]
[SourceTitle "CBM 217 Extra"]
[Source "ChessBase"]
[SourceDate "2024.01.31"]
[SourceVersion "1"]
[SourceVersionDate "2024.01.31"]
[SourceQuality "1"]

1. Nf3 d5 2. c4 c6 3. e3 Nf6 4. Nc3 e6 5. b3 Nbd7 6. Bb2 b6 7. Be2 Bb7 8. 0-0 Bd6 9. cxd5 exd5 10. d4 0-0 11. Bd3 Re8 12. Bf5 g6 13. Bh3 Ne4 14. Nxe4 Rxe4 15. Rc1 f5 16. g3 Qf8 17. Bg2 Re7 18. Ne5 Nxe5 19. dxe5 Bxe5 20. Ba3 c5 21. Bxd5+ Kh8 22. Bxb7 Rxb7 23. Qd5 Qg7 24. Rfd1 Re8 25. Rd3 h6 26. Rcd1 Rc7 27. Qc4 Kh7 28. Rd5 Bf6 29. Qb5 Re4 30. Bc1 Ree7 31. a4 Re5 32. Rxe5 Bxe5 33. Rd5 Bc3 34. Qd3 Bf6 35. h4 h5 36. e4 fxe4 37. Qxe4 Kh8 38. Be3 Re7 39. Qd3 Qf7 40. Rd6 Kg7 41. a5 Be5 42. Rc6 Qe8 43. Qe4 Kh7 44. Bg5 Bf6 45. Rc7 1-0

[Event "New Delhi op 20th"]
[Site "New Delhi"]
[Date "2023.03.25"]
[Round "4"]
[White "Swayham, P Das"]
[Black "Aravindh, Chithambaram VR"]
[Result "0-1"]
[WhiteElo "1906"]
[BlackElo "2607"]
[PlyCount "90"]
[EventDate "2023.03.23"]
[EventType "swiss"]
[EventRounds "10"]
[EventCountry "IND"]
[SourceTitle "CBM 213 Extra"]
[Source "ChessBase"]
[SourceDate "2023.05.31"]
[SourceVersion "1"]
[SourceVersionDate "2023.05.31"]
[SourceQuality "1"]

1. e4 c5 2. Nf3 d6 3. d4 cxd4 4. Nxd4 Nf6 5. Nc3 a6 6. Bd3 g6 7. h3 Bg7 8. Be3 Nc6 9. Qd2 0-0 10. f4 Nd7 11. Be2 Nc5 12. 0-0 Bd7 13. Rad1 b5 14. Bf3 Rc8 15. e5 Na5 16. Be2 Ncb7 17. Nf3 Nc4 18. Bxc4 Rxc4 19. Bd4 Bc6 20. b3 Bxf3 21. Rxf3 Rc6 22. Rd3 d5 23. b4 e6 24. a4 bxa4 25. Nxa4 Qd7 26. Ra3 Rb8 27. c3 Bf8 28. Nb6 Rxb6 29. Bxb6 Nd6 30. exd6 Rxb6 31. Rda1 Qxd6 32. Ra5 Bg7 33. Rd1 Rc6 34. Ra3 Bf6 35. g3 h5 36. h4 Qc7 37. Rc1 Kg7 38. Kh2 Qc8 39. Qd3 Rc4 40. Ra5 Be7 41. Rb1 Rxc3 42. Qxa6 Rc2+ 43. Kh3 Qc3 44. Qf1 Qd2 45. Qg1 Qe2 0-1

[Event "Chennai op 13th"]
[Site "Chennai"]
[Date "2022.06.22"]
[Round "6"]
[White "Swayham, P Das"]
[Black "Nguyen, Van Huy"]
[Result "1/2-1/2"]
[WhiteElo "1786"]
[BlackElo "2383"]
[PlyCount "71"]
[EventDate "2022.06.19"]
[EventType "swiss"]
[EventRounds "10"]
[EventCountry "IND"]
[SourceTitle "CBM 209 Extra"]
[Source "ChessBase"]
[SourceDate "2022.09.30"]
[SourceVersion "1"]
[SourceVersionDate "2022.09.30"]
[SourceQuality "1"]

1. e4 c6 2. d4 d5 3. exd5 cxd5 4. Bd3 Nc6 5. c3 Nf6 6. Bf4 Bg4 7. Nf3 e6 8. h3 Bh5 9. Nbd2 Bd6 10. Bxd6 Qxd6 11. 0-0 0-0 12. Re1 Rab8 13. Qe2 Qc7 14. a4 Rfe8 15. Qe3 a6 16. Ne5 Bg6 17. Nxg6 hxg6 18. Nf3 Nd7 19. Bf1 Na5 20. Nd2 Nb6 21. b3 Rbc8 22. Rec1 Red8 23. Qg5 Qd6 24. h4 Nc6 25. Nf3 Nd7 26. h5 gxh5 27. Qxh5 Nf6 28. Qg5 Ne4 29. Qe3 e5 30. c4 exd4 31. Nxd4 Ne5 32. Be2 Nf6 33. Qg3 Ne4 34. Qe3 Nf6 35. Qg3 Ne4 36. Qe3 1/2-1/2

[Event "Eastern Asia-ch U14"]
[Site "Tornelo INT"]
[Date "2021.10.29"]
[Round "1"]
[White "Sayak, Roy Chowdhury"]
[Black "Swayham, P Das"]
[Result "0-1"]
[WhiteElo "1010"]
[BlackElo "1459"]
[PlyCount "100"]
[EventDate "2021.10.29"]
[EventType "swiss"]
[EventRounds "9"]
[EventCountry "NET"]
[SourceTitle "EXT 2023"]
[Source "ChessBase"]
[SourceDate "2022.10.05"]
[SourceVersion "1"]
[SourceVersionDate "2022.10.05"]
[SourceQuality "1"]

1. e4 c5 2. d4 cxd4 3. c3 dxc3 4. Nxc3 Nc6 5. Bc4 d6 6. h3 Nf6 7. Nf3 e6 8. Qe2 Be7 9. 0-0 0-0 10. Rd1 Qc7 11. Bf4 Ne5 12. Nxe5 dxe5 13. Bg3 a6 14. Rac1 Bd7 15. Bb3 Bc6 16. Ba4 b5 17. Bb3 b4 18. Ba4 Bxa4 19. Nxa4 Qa5 20. b3 Rfd8 21. Qc2 h6 22. Re1 Rd7 23. Nc5 Rc7 24. Qb2 Rxc5 25. Rxc5 Qxc5 26. Rc1 Qb6 27. Bxe5 Ne8 28. Rd1 Bf6 29. Bxf6 Nxf6 30. e5 Nd5 31. Qb1 Nc3 32. Qd3 Nxd1 33. Qxd1 Rd8 34. Qc2 Qd4 35. Qe2 Qd1+ 36. Qxd1 Rxd1+ 37. Kh2 Rd2 38. Kg3 Rxa2 39. Kf4 Ra3 40. Ke4 Rxb3 41. Kd4 Rc3 42. f4 a5 43. f5 a4 44. g4 a3 45. fxe6 fxe6 46. h4 a2 47. g5 a1Q 48. gxh6 Qd1+ 49. Ke4 Qf3+ 50. Kd4 Qe3# 0-1

[Event "Chennai op 12th"]
[Site "Chennai"]
[Date "2020.01.18"]
[Round "1"]
[White "Swayham, P Das"]
[Black "Martinez Alcantara, Jose Eduardo"]
[Result "0-1"]
[WhiteElo "1702"]
[BlackElo "2606"]
[PlyCount "82"]
[EventDate "2020.01.18"]
[EventType "swiss"]
[EventRounds "10"]
[EventCountry "IND"]
[SourceTitle "CBM 194 Extra"]
[Source "ChessBase"]
[SourceDate "2020.03.31"]
[SourceVersion "1"]
[SourceVersionDate "2020.03.31"]
[SourceQuality "1"]

1. e4 c5 2. Nf3 d6 3. d4 cxd4 4. Nxd4 Nf6 5. Nc3 a6 6. Be2 e5 7. Nb3 Be7 8. a4 Be6 9. 0-0 0-0 10. Kh1 Nc6 11. f4 exf4 12. Bxf4 Ne5 13. Nd4 Rc8 14. Nxe6 fxe6 15. Bxe5 dxe5 16. Bg4 Rc6 17. Bf3 Qb6 18. Qc1 Qc7 19. Qb1 g6 20. Qa2 Kg7 21. Rac1 Bb4 22. Ne2 h5 23. c3 Bc5 24. b4 Be3 25. Rcd1 Rd6 26. Qb3 g5 27. g3 g4 28. Bg2 Rfd8 29. Rxd6 Qxd6 30. Nc1 h4 31. gxh4 Rh8 32. c4 Bf4 33. Nd3 Rxh4 34. h3 Nh5 35. Nxf4 exf4 36. Rd1 Qe5 37. Qd3 f3 38. Bf1 Ng3+ 39. Kg1 Nxe4 40. Qd7+ Kh6 41. Bd3 Qg3+ 0-1

[Event "Rajkot RCPA op 2nd"]
[Site "Rajkot"]
[Date "2019.08.16"]
[Round "6"]
[White "Sahu, Sekhar Chandra"]
[Black "Swayham, P Das"]
[Result "1-0"]
[WhiteElo "2070"]
[BlackElo "1576"]
[PlyCount "109"]
[EventDate "2019.08.13"]
[EventType "swiss"]
[EventRounds "10"]
[EventCountry "IND"]
[SourceTitle "EXT 2021"]
[Source "ChessBase"]
[SourceDate "2020.10.23"]
[SourceVersion "1"]
[SourceVersionDate "2020.10.23"]
[SourceQuality "1"]

1. g3 Nf6 2. Bg2 c6 3. e4 d6 4. d4 g6 5. Nc3 Bg7 6. Nge2 0-0 7. h3 Nbd7 8. 0-0 Qc7 9. Be3 b6 10. Qd2 Bb7 11. Bh6 a6 12. Bxg7 Kxg7 13. g4 b5 14. Ng3 b4 15. Nce2 c5 16. Rad1 Rad8 17. f4 e6 18. Kh2 Ng8 19. dxc5 dxc5 20. Qd6 Qxd6 21. Rxd6 Ndf6 22. Rfd1 Rxd6 23. Rxd6 Ne7 24. g5 Nfg8 25. f5 f6 26. e5 Bxg2 27. exf6+ Nxf6 28. gxf6+ Kxf6 29. Rxe6+ Kf7 30. Kxg2 Nxf5 31. Re4 Nd6 32. Rf4+ Ke7 33. Rxf8 Kxf8 34. Kf3 Nc4 35. b3 Na3 36. c4 bxc3 37. Nxc3 c4 38. b4 Ke7 39. Ke4 Nc2 40. Nd5+ Kd6 41. Ne2 g5 42. Nd4 Ne1 43. Ne3 c3 44. Ndc2 Nxc2 45. Nxc2 h5 46. Ne3 g4 47. hxg4 hxg4 48. Kd3 g3 49. Nf5+ Kc6 50. Nxg3 Kb5 51. Kxc3 Ka4 52. Kc4 Ka3 53. Ne4 Kxa2 54. Nc5 Ka3 55. Nxa6 1-0

[Event "Sivagangai Tamilnadu op U11 32th"]
[Site "Sivagangai Tamilnadu"]
[Date "2018.08.05"]
[Round "11.10"]
[White "Arora, Honi"]
[Black "Swayham, P Das"]
[Result "0-1"]
[WhiteElo "1596"]
[BlackElo "1425"]
[PlyCount "126"]
[EventDate "2018.07.28"]
[EventType "swiss"]
[EventRounds "11"]
[EventCountry "IND"]
[SourceTitle "EXT 2024"]
[Source "ChessBase"]
[SourceDate "2023.10.10"]
[SourceVersion "1"]
[SourceVersionDate "2023.10.10"]
[SourceQuality "1"]

1. Nf3 d5 2. d4 Nf6 3. e3 e6 4. c4 c6 5. b3 Nbd7 6. Bb2 b6 7. Bd3 Bb7 8. 0-0 Be7 9. Nc3 0-0 10. Qc2 h6 11. Rad1 Rc8 12. e4 dxe4 13. Nxe4 Nxe4 14. Bxe4 Nf6 15. Bd3 Qc7 16. c5 Nd5 17. Ne5 Bf6 18. Rfe1 Rfd8 19. a3 Qe7 20. g3 Bxe5 21. Rxe5 Nf6 22. b4 b5 23. f4 Qc7 24. Rde1 Rd5 25. R5e2 Rcd8 26. Qd2 Qd7 27. Bc2 Qc7 28. Bb3 R5d7 29. Rg2 Nd5 30. Rf1 Re8 31. g4 Qd8 32. Qe1 Qc7 33. Qg3 a5 34. g5 h5 35. bxa5 g6 36. Bxd5 Rxd5 37. Bc3 Ba6 38. Re1 Red8 39. Ra2 Rf5 40. Re5 Rxe5 41. fxe5 Qd7 42. Qf3 Rb8 43. Rf2 Rb7 44. Qe4 Rc7 45. Rb2 Rb7 46. Kf2 Rc7 47. Ke3 Rc8 48. h4 Rc7 49. Bb4 Rc8 50. Rf2 Rd8 51. Rf6 Kg7 52. Qf3 Qxd4+ 53. Ke2 Qxe5+ 54. Kf1 Qc7 55. Kg1 Rd5 56. Bc3 Kg8 57. Qe3 Qd7 58. Qf4 e5 59. Bxe5 Rd1+ 60. Kh2 Qd5 61. Qe3 Qh1+ 62. Kg3 Rg1+ 63. Kf2 Qg2# 0-1

[Event "Asian-ch U10 Rapid"]
[Site "Chiangmai"]
[Date "2018.04.01"]
[Round "2.1"]
[White "Swayham, P Das"]
[Black "Xiao, Tong"]
[Result "1/2-1/2"]
[WhiteElo "1415"]
[BlackElo "2045"]
[PlyCount "87"]
[EventDate "2018.04.01"]
[EventType "swiss (rapid)"]
[EventRounds "7"]
[EventCountry "THA"]
[SourceTitle "EXT 2024"]
[Source "ChessBase"]
[SourceDate "2023.10.10"]
[SourceVersion "1"]
[SourceVersionDate "2023.10.10"]
[SourceQuality "1"]

1. e4 c5 2. Nf3 e6 3. d4 cxd4 4. Nxd4 a6 5. Bd3 Nc6 6. Be3 Nf6 7. 0-0 Ne5 8. Qe2 Neg4 9. Bd2 Qc7 10. Nf3 d6 11. h3 Ne5 12. Nxe5 dxe5 13. Nc3 Bd6 14. Rad1 h6 15. Be3 Bd7 16. Rfe1 Bc6 17. Bd2 0-0 18. Qf1 b5 19. a3 Rad8 20. Kh1 Nh5 21. Ne2 Nf4 22. Nxf4 exf4 23. Bc3 Be5 24. Bxe5 Qxe5 25. c3 Rd6 26. f3 Rfd8 27. Bc2 Rd2 28. Rxd2 Rxd2 29. Re2 Rd6 30. Re1 Qc5 31. Rd1 Kf8 32. Rxd6 Qxd6 33. Qd3 Qxd3 34. Bxd3 Ke7 35. Kg1 Kd6 36. Kf2 e5 37. b4 Bb7 38. c4 Bc6 39. c5+ Ke6 40. Bc2 Kd7 41. Bb3 f6 42. Ke2 Kc7 43. Kd3 Kd7 44. Ke2 1/2-1/2

[Event "Wch U08"]
[Site "Batumi"]
[Date "2016.10.28"]
[Round "9"]
[White "Ettibaryan, Hovanes"]
[Black "Swayham, P Das"]
[Result "0-1"]
[WhiteElo "1387"]
[BlackElo "1198"]
[PlyCount "78"]
[EventDate "2016.10.19"]
[EventType "swiss"]
[EventRounds "11"]
[EventCountry "GEO"]
[SourceTitle "CBM 175 Extra"]
[Source "ChessBase"]
[SourceDate "2016.12.12"]
[SourceVersion "1"]
[SourceVersionDate "2016.12.12"]
[SourceQuality "1"]

1. e4 c5 2. c3 Nc6 3. d4 d6 4. dxc5 dxc5 5. Qxd8+ Kxd8 6. Bf4 e5 7. Be3 Be6 8. Nd2 Be7 9. 0-0-0 Kc7 10. b3 Rd8 11. Be2 b6 12. Ngf3 Bf6 13. Bc4 Rd6 14. Bxe6 Rxe6 15. Nc4 Nge7 16. Ng5 Bxg5 17. Bxg5 h6 18. Bxe7 Nxe7 19. Rd2 Rd8 20. Rxd8 Kxd8 21. Rd1+ Kc7 22. Kb2 Nc6 23. a4 a6 24. Ka3 b5 25. axb5 axb5 26. Ne3 g6 27. g4 b4+ 28. cxb4 Nxb4 29. Nd5+ Nxd5 30. Rxd5 Kc6 31. Ka4 Rf6 32. Rxe5 Rxf2 33. Re7 Rf4 34. h3 Kd6 35. Re8 f5 36. gxf5 gxf5 37. Rh8 Rxe4+ 38. Ka3 Re6 39. Kb2 Rf6 0-1

[Event "Wch U08"]
[Site "Batumi"]
[Date "2016.10.24"]
[Round "6"]
[White "Swayham, P Das"]
[Black "Mardov, Dimitar"]
[Result "0-1"]
[WhiteElo "1198"]
[BlackElo "1369"]
[PlyCount "76"]
[EventDate "2016.10.19"]
[EventType "swiss"]
[EventRounds "11"]
[EventCountry "GEO"]
[SourceTitle "CBM 175 Extra"]
[Source "ChessBase"]
[SourceDate "2016.12.12"]
[SourceVersion "1"]
[SourceVersionDate "2016.12.12"]
[SourceQuality "1"]

1. e4 c5 2. Nf3 e6 3. d4 cxd4 4. Nxd4 a6 5. Be2 d6 6. Nc3 Nf6 7. Bg5 Be7 8. Qd2 Nbd7 9. 0-0 0-0 10. Rad1 Qc7 11. Rfe1 b5 12. a3 Bb7 13. Qc1 Rfe8 14. Bd3 Rac8 15. Re3 Qc5 16. Nf3 h6 17. Bxf6 Nxf6 18. h3 Nd7 19. Nd2 Qb6 20. Rf1 Bf6 21. Ne2 Bg5 22. Rg3 Ne5 23. Qd1 d5 24. exd5 Bxd5 25. Kh1 Bh4 26. Re3 Nxd3 27. cxd3 Bxf2 28. Re5 Bd4 29. Nxd4 Qxd4 30. Re2 Qxd3 31. Ref2 Qxh3+ 32. Kg1 Qg3 33. Qh5 Re7 34. Qe2 Rc2 35. Qe1 Rec7 36. Qb1 Qe3 37. Qe1 Qxe1 38. Rxe1 Rxb2 0-1